00488 2200193 4500001002100000005001800021008004100039020001800080035002400098090001700122100001700139245002100156250001100177260003300188300002100221650002200242850001500264999001500279YOGYA-0111000000053920110127081615921 ind  a979-501-220-7 0010-011100000000539 a819.22 Wir B aWiryapanitra aBabad Tanah Jawa aCet. 3 aSemarangbDahara Prizec1996 a262 hlm.; 15 cm. aKesusastraan Jawa aYOPDYOG[B] a97P0101884